Aktuálny román

Bibliographic Details
Main Author: Veľký, Jozef, 1926-2003 (Author)
Format: Article
Language:Slovak
Subjects:

MARC

LEADER 00000nab a2200000 a 4500
001 vtls000124389
003 SK-MaSNL
005 20260303185001.0
008 111104c1982 xo 0 slo
015 |a SNBRB19rr/mm-uuuuu 
035 |a CL0134494 
040 |a SNKBUCL  |b slo  |c SNKBUCL  |e AACR2 
041 0 |a slo 
044 |a xo  |c SK 
080 |a 82.09:885.4-3(048)  |2 1981 
080 |a 885.4-3(048)  |2 1981 
100 1 |a Veľký, Jozef,  |d 1926-2003  |4 aut  |9 123315 
245 1 0 |a Aktuálny román  |c Jozef Veľký 
650 0 7 |a slovenské romány  |2 snkbucl  |9 103163 
655 7 |a recenzie  |2 snkbucl  |9 21907 
655 7 |a články z odboru literárna veda a krásna literatúra  |2 snkbucl  |9 770045 
655 7 |a články z novín a časopisov  |2 snkbucl  |9 267496 
773 0 |t Pravda  |g Roč. 63, č. 224 (21. 9. 1982), s. 5 
787 0 8 |i Rec.:  |a Dzvoník, Emil  |t Dukáty v naftalíne  |d Bratislava : Slovenský pspisovateľ, 1982 
850 |a Slovenská národná knižnica v Martine  |a MTA001 
852 |a SNK  |b KIS3GCP 
958 |a RK 
958 |a LX 
992 |a RBX 
999 |c 2129178  |d 2131108